<?xml version="1.0" encoding="UTF-8"?>
<collection xmlns="http://www.loc.gov/MARC21/slim">
<record>
  <controlfield tag="001">1372</controlfield>
  <controlfield tag="005">20130405035144.0</controlfield>
  <datafield tag="856" ind1="0" ind2=" ">
    <subfield code="f">vacahc@gmail.com</subfield>
  </datafield>
  <datafield tag="300" ind1=" " ind2=" ">
    <subfield code="a">42:52</subfield>
    <subfield code="b">720x480 4/3, 29.97</subfield>
    <subfield code="c">Vhc-frank_pangburn_2005488</subfield>
    <subfield code="d">Vhc-frank_pangburn_2005273</subfield>
    <subfield code="e">Vhc-frank_pangburn_2005653</subfield>
    <subfield code="f">Vhc-frank_pangburn_2005553</subfield>
    <subfield code="g">3549522</subfield>
  </datafield>
  <datafield tag="980" ind1=" " ind2=" ">
    <subfield code="a">84649638256</subfield>
  </datafield>
  <datafield tag="038" ind1=" " ind2=" ">
    <subfield code="a">8e92f290d</subfield>
  </datafield>
  <datafield tag="245" ind1=" " ind2=" ">
    <subfield code="a">Wagon Train Routes by Frank Pangburn</subfield>
  </datafield>
  <datafield tag="260" ind1=" " ind2=" ">
    <subfield code="c">2005</subfield>
  </datafield>
  <datafield tag="340" ind1=" " ind2=" ">
    <subfield code="a">DVD</subfield>
  </datafield>
  <datafield tag="650" ind1="1" ind2="7">
    <subfield code="2">CaVaHC</subfield>
    <subfield code="a">Multimedia/Videos</subfield>
  </datafield>
  <datafield tag="520" ind1=" " ind2=" ">
    <subfield code="a">Frank Pangburn shares his insight into geneaological research, and his ancestors arrival by wagon train in Solano County in 1846.  Recorded on April 23, 2005 at the Pioneer Day Reunion at Rockville Church in Suisun Valley.  Introduction by Mary Higham, Director of the Solano County Historical Society.</subfield>
  </datafield>
  <datafield tag="100" ind1=" " ind2=" ">
    <subfield code="a">Towne Cryer Pro Video</subfield>
  </datafield>
  <datafield tag="036" ind1=" " ind2=" ">
    <subfield code="a">WagonTrainRoutesByFrankPangburn</subfield>
  </datafield>
  <datafield tag="041" ind1=" " ind2=" ">
    <subfield code="a">eng</subfield>
  </datafield>
</record>
</collection>